[Event "Nov2015"]
[Site "SchemingMind.com"]
[Date "2015.11.25"]
[Round "-"]
[White "pedrodeg"]
[Black "Chessibelle"]
[Result "0-1"]
[WhiteCountry "POR"]
[BlackCountry "ENG"]
[WhiteElo "1494"]
[WhiteRD "163"]
[BlackElo "1152"]
[BlackRD "60"]
[GameID "390986"]

1. c4 d6 2. Nc3 Bd7 3. g3 Bc6 4. Nf3 Nf6 5. Bg2 g5 6. O-O Bg7 7. d4 Bd7 8. Bxg5 O-O 9. b4 Re8 10. a4 Nc6
11. b5 Na5 12. c5 e5 13. dxe5 dxe5 14. Nd5 b6 15. c6 Be6 16. Nxf6+ Bxf6 17. Qxd8 Bxd8 18. Bxd8 Raxd8 19. Nxe5 Nb3 20. Rab1 Nd2
21. h4 Nxb1
0-1

[Event "Nov2015"]
[Site "SchemingMind.com"]
[Date "2015.11.26"]
[Round "-"]
[White "Chessibelle"]
[Black "pedrodeg"]
[Result "0-1"]
[WhiteCountry "ENG"]
[BlackCountry "POR"]
[WhiteElo "1152"]
[WhiteRD "60"]
[BlackElo "1494"]
[BlackRD "163"]
[GameID "390987"]

1. Nf3 d5 2. d4 Nf6 3. e3 Nc6 4. Nc3 e6 5. Bd3 Bb4 6. Bd2 O-O 7. a3 Ba5 8. Ng5 h6 9. Nh3 Bxc3 10. Bxc3 b6
11. Nf4 a5 12. Qf3 e5 13. dxe5 Bg4 14. Qg3 Nxe5 15. Bxe5 Be6 16. c3 Qe7 17. Nh5 Nxh5 18. Qf3 Nf6 19. h3 Bc8 20. c4 Qxe5
21. Rb1 Ba6 22. O-O dxc4 23. Be4 Nxe4 24. b3 Nd2 25. Qd1 Nxf1 26. Qxf1 cxb3 27. Rxb3 Bxf1
0-1

[Event "Nov2015"]
[Site "SchemingMind.com"]
[Date "2015.11.30"]
[Round "-"]
[White "Robert Bruce"]
[Black "maro"]
[Result "1-0"]
[WhiteCountry "SCO"]
[BlackCountry "MEX"]
[WhiteElo "2209"]
[WhiteRD "67"]
[BlackElo "1349"]
[BlackRD "59"]
[GameID "391144"]

1. d4 c6 2. Nf3 Nf6 3. c4 e6 4. Nc3 Bb4 5. Qc2 O-O 6. e4 Qc7 7. e5 Ne8 8. Bd3 d5 9. Bxh7+ Kh8 10. a3 g6
11. axb4 Kxh7 12. h4 Ng7 13. h5 Nxh5 14. Rxh5+ Kg7 15. Bg5 Rh8 16. Bf6+ Kg8 17. Rxh8#
1-0

[Event "Nov2015"]
[Site "SchemingMind.com"]
[Date "2015.11.30"]
[Round "-"]
[White "maro"]
[Black "Robert Bruce"]
[Result "0-1"]
[WhiteCountry "MEX"]
[BlackCountry "SCO"]
[WhiteElo "1349"]
[WhiteRD "59"]
[BlackElo "2209"]
[BlackRD "67"]
[GameID "391145"]

1. d4 f5 2. Bf4 Nf6 3. Nf3 g6 4. e3 Bg7 5. Bc4 e6 6. O-O O-O 7. Nc3 d5 8. Bb3 Bd7 9. a4 Nc6 10. Nb5 a6
11. Bxc7 Qc8 12. Bd6 axb5 13. Bxf8 Qxf8 14. axb5 Na5 15. Qd2 Ne4 16. Qd3 Qb4 17. Ra4 Qxb5 18. Qxb5 Bxb5 19. Rb4 Bxf1 20. Kxf1 Ra6
21. Ne1 Bf8 22. Rb5 b6 23. Nd3 Nxb3 24. Rxb3 Nd2+
0-1

[Event "Nov2015"]
[Site "SchemingMind.com"]
[Date "2015.12.04"]
[Round "-"]
[White "emvarela"]
[Black "Phillip Beckett"]
[Result "1-0"]
[WhiteCountry "ARG"]
[BlackCountry "ENG"]
[WhiteElo "1709"]
[WhiteRD "48"]
[BlackElo "1580"]
[BlackRD "48"]
[GameID "391218"]

1. e4 e5 2. Nf3 Nc6 3. Bb5 a6 4. Bxc6 dxc6 5. O-O Qd6 6. d3 f6 7. Be3 Bg4 8. h3 Bh5 9. g4 Bf7 10. Nbd2 O-O-O
11. Nc4 Bxc4 12. dxc4 Qxd1 13. Raxd1 Ne7 14. Rd3 Rxd3 15. cxd3 Ng6 16. a3 Bd6 17. c5 Be7 18. d4 exd4 19. Bxd4 Rd8 20. b4 Nf4
21. Kh2 h5 22. Re1 hxg4 23. hxg4 Rh8+ 24. Kg3 g5 25. Nxg5 Rg8 26. Kxf4 fxg5+ 27. Kg3 Rf8 28. Be5 b6 29. cxb6 cxb6 30. f4 gxf4+
31. Bxf4 a5 32. bxa5 Bxa3 33. axb6 Kb7 34. Rb1 Bc5 35. g5 Re8 36. Kf3 Ra8 37. Bc7 Ra3+ 38. Kf4 Be3+ 39. Kf5 Ra5+ 40. e5 Bd4
41. g6 Ra8 42. g7 Rg8 43. Kf6 Bxe5+ 44. Bxe5
1-0

[Event "Nov2015"]
[Site "SchemingMind.com"]
[Date "2015.12.04"]
[Round "-"]
[White "Phillip Beckett"]
[Black "emvarela"]
[Result "1-0"]
[WhiteCountry "ENG"]
[BlackCountry "ARG"]
[WhiteElo "1586"]
[WhiteRD "49"]
[BlackElo "1690"]
[BlackRD "47"]
[GameID "391219"]

1. e4 e5 2. Nf3 Nc6 3. Bb5 f5 4. d3 fxe4 5. dxe4 Nf6 6. Bxc6 dxc6 7. Qxd8+ Kxd8 8. Nxe5 Be6 9. f3 Bd6 10. Nd3 Nd7
11. Bf4 Bxf4 12. Nxf4 Ke7 13. Nxe6 Kxe6 14. Nc3 Nb6 15. O-O-O Rad8 16. Rxd8 Rxd8 17. Rd1 Rd6 18. Ne2 Rxd1+ 19. Kxd1 Nc4 20. Nf4+ Kf6
21. b3 Na3 22. c4 b5 23. cxb5 Nxb5 24. Nd3 a5 25. Nc5 Nc3+ 26. Kc2 Nxa2 27. Na6 Nb4+ 28. Nxb4 axb4 29. Kd3 Ke5 30. Kc4 h6
31. Kc5
1-0

[Event "Nov2015"]
[Site "SchemingMind.com"]
[Date "2015.12.07"]
[Round "-"]
[White "Clive Everill"]
[Black "DemidovL"]
[Result "0-1"]
[WhiteCountry "CZE"]
[BlackCountry "RUS"]
[WhiteElo "1715"]
[WhiteRD "62"]
[BlackElo "2208"]
[BlackRD "127"]
[GameID "391314"]

1. e4 e6 2. d4 d5 3. Nd2 c5 4. exd5 exd5 5. Ngf3 Nf6 6. Bb5+ Bd7 7. Bxd7+ Nbxd7 8. O-O Be7 9. dxc5 Nxc5 10. Nb3 Nce4
11. Nfd4 Nd6 12. Qf3 O-O 13. Nf5 Nxf5 14. Qxf5 Re8 15. Be3 g6 16. Qd3 Qc7 17. h3 Rad8 18. Nd4 Ne4 19. Nb5 Qa5 20. Nxa7 d4
21. Bxd4 Nc5 22. Qc3 Qxa7 23. Bh8 Ne6 24. Rfe1 Rc8 25. Qe5 Rxc2 26. Rf1 Rc5 27. Qe3 Kxh8 28. b4 Bg5 29. Qd3 Rf5 30. a3 Nf4
31. Qd7 Ne2+ 32. Kh1 Rd8 33. Qc7 Rd2 34. Qc8+ Kg7 35. Kh2 Rxf2 36. Rxf2 Qxf2 37. Qxb7 Bf4+ 38. Kh1 Ng3+ 39. Kh2 Ne4+
0-1

[Event "Nov2015"]
[Site "SchemingMind.com"]
[Date "2015.12.07"]
[Round "-"]
[White "DemidovL"]
[Black "Clive Everill"]
[Result "1-0"]
[WhiteCountry "RUS"]
[BlackCountry "CZE"]
[WhiteElo "2107"]
[WhiteRD "159"]
[BlackElo "1692"]
[BlackRD "58"]
[GameID "391315"]

1. Nf3 d5 2. d4 e6 3. e3 b6 4. c4 Bb7 5. cxd5 Bxd5 6. Nc3 Bb7 7. Bb5+ c6 8. Bd3 Bb4 9. O-O Ne7 10. Bd2 O-O
11. Rc1 Nd7 12. a3 Bd6 13. Ne4 Bc7 14. Bb4 Re8 15. Nfg5 Nf8 16. Qh5 f6 17. Nxf6+ gxf6 18. Qf7+ Kh8 19. Qxf6+ Kg8 20. Bxh7+ Nxh7
21. Qf7+
1-0

[Event "Nov2015"]
[Site "SchemingMind.com"]
[Date "2015.12.07"]
[Round "-"]
[White "frankly"]
[Black "KrugM"]
[Result "1-0"]
[WhiteCountry "ENG"]
[BlackCountry "RUS"]
[WhiteElo "2443"]
[WhiteRD "54"]
[BlackElo "2036"]
[BlackRD "195"]
[GameID "391322"]

1. d4 d5 2. Nf3 Nf6 3. c4 c6 4. Nc3 e6 5. e3 Bd6 6. Bd3 dxc4 7. Bxc4 b5 8. Bd3 Nbd7 9. a3 a6 10. O-O Bb7
11. b4 a5 12. Rb1 axb4 13. axb4 Nd5 14. Bd2 O-O 15. Ne4 Bc7 16. Qc2 Qe7 17. Nc5 Nxc5 18. bxc5 Nf6 19. Ne5 Ra6 20. Ra1 Rfa8
21. Rxa6 Rxa6 22. f4 Qd8 23. Be1 Qd5 24. Bc3 h6 25. Bb2 Ra8 26. e4 Qd8 27. Qc3 Ra6 28. Bc2 Qe7 29. Qd3 Ra2 30. Rb1 Ra7
31. Nf3 Nh5 32. g3 Ra8 33. e5 g6 34. Nd2 Bd8 35. Ne4 Ng7 36. Nf6+ Kh8 37. Qe3
1-0

[Event "Nov2015"]
[Site "SchemingMind.com"]
[Date "2015.12.07"]
[Round "-"]
[White "KrugM"]
[Black "frankly"]
[Result "0-1"]
[WhiteCountry "RUS"]
[BlackCountry "ENG"]
[WhiteElo "2036"]
[WhiteRD "195"]
[BlackElo "2443"]
[BlackRD "54"]
[GameID "391323"]

1. e4 c5 2. Nf3 Nc6 3. d4 cxd4 4. Nxd4 Nf6 5. Nc3 e5 6. Ndb5 d6 7. Nd5 Nxd5 8. exd5 Nb8 9. c4 Be7 10. Bd3 O-O
11. Be3 a6 12. Nc3 f5 13. O-O e4 14. Be2 Nd7 15. Qd2 Bf6 16. Rac1 b6 17. Rfe1 Ne5 18. b3 Rb8 19. Rf1 Bd7 20. a4 Qe7
21. Rce1 g5 22. Bd4 Qg7 23. Rd1 g4 24. Kh1 Rf7 25. Rfe1 Re8 26. Bf1 Bg5 27. Qa2 Qh6 28. Bxe5 Rxe5 29. a5 g3 30. fxg3 f4
31. g4 Bxg4 32. axb6 Bxd1 33. Rxd1 f3 34. Qxa6 Rf8 35. c5 fxg2+ 36. Bxg2 Bf4
0-1

[Event "Nov2015"]
[Site "SchemingMind.com"]
[Date "2015.12.07"]
[Round "-"]
[White "VaynerA"]
[Black "clare1347"]
[Result "0-1"]
[WhiteCountry "RUS"]
[BlackCountry "ENG"]
[WhiteElo "2209"]
[WhiteRD "193"]
[BlackElo "2281"]
[BlackRD "83"]
[GameID "391352"]

1. e4 d5 2. exd5 Nf6 3. d4 Bg4 4. f3 Bf5 5. g4 Bg6 6. c4 e6 7. g5 Nfd7 8. Qb3 c5 9. Qxb7 Nb6 10. Be3 cxd4
11. Bxd4 Bb4+ 12. Nc3 O-O 13. c5 Nxd5 14. Kf2 Bxc3 15. bxc3 Nd7 16. Ne2 Rb8 17. Qc6 Ne7 18. Qa6 e5 19. Be3 Nf5 20. c6 Nxe3
21. Qxa7 Nd5 22. cxd7 Qxg5 23. Rd1 e4 24. Qc5 Bh5 25. Qxd5 e3+ 26. Ke1 Qxd5 27. Rxd5 Bxf3 28. Rd1 Bxh1 29. Nd4 Rfd8 30. Bb5 Bf3
31. Rb1 Bg2 32. Rb2 Bh1 33. Rb4 Rxb5 34. Rxb5 g6 35. Ke2 Rxd7 36. Kxe3 Re7+ 37. Kd3 Be4+ 38. Kc4 f5 39. a4 f4 40. a5 f3
41. Rb2 Rc7+ 42. Kb4 Rb7+ 43. Nb5 Bd3 44. c4 Be2 45. Rb1 f2 46. a6 Rb8 47. a7 Ra8
0-1

[Event "Nov2015"]
[Site "SchemingMind.com"]
[Date "2015.12.07"]
[Round "-"]
[White "clare1347"]
[Black "VaynerA"]
[Result "0-1"]
[WhiteCountry "ENG"]
[BlackCountry "RUS"]
[WhiteElo "2281"]
[WhiteRD "83"]
[BlackElo "2209"]
[BlackRD "193"]
[GameID "391353"]

1. d4 d5 2. c4 e6 3. Nc3 Nf6 4. cxd5 exd5 5. Bg5 Be7 6. e3 O-O 7. Bd3 h6 8. Bh4 c5 9. Nge2 c4 10. Bc2 Na6
11. a3 Nc7 12. O-O Bd7 13. b3 Re8 14. bxc4 dxc4 15. e4 Rc8 16. Bg3 b5 17. Bxc7 Qxc7 18. e5 Nh7 19. Ng3 Rcd8 20. Nxb5 Bxb5
21. Bxh7+ Kxh7 22. Qb1+ g6 23. Qxb5 Rb8 24. Qd5 Kg7 25. Qe4 c3 26. Ne2 Qc4 27. Rfc1 f5 28. Qe3 c2 29. Qd2 Rb2 30. g3 Reb8
31. Kg2 R8b3 32. Nf4 g5 33. Qe2 Qc8 34. Nh5+ Kg6 35. d5 Qb7 36. g4 Qxd5+ 37. Kg1 Qb5 38. gxf5+ Kxf5 39. Qxb5 Rxb5 40. Ng3+ Kxe5
41. Re1+ Kd5 42. Nf1 Bc5 43. Rac1 Rb1 44. Kg2 Rxc1 45. Rxc1 Rb2 46. Nd2 Bxa3 47. Nf1 Bc5 48. Nd2 Bd6 49. Kf3 Bf4
0-1

[Event "Nov2015"]
[Site "SchemingMind.com"]
[Date "2015.12.08"]
[Round "-"]
[White "kenneth m day"]
[Black "NovikovE"]
[Result "0-1"]
[WhiteCountry "USA"]
[BlackCountry "RUS"]
[WhiteElo "1713"]
[WhiteRD "53"]
[BlackElo "2167"]
[BlackRD "99"]
[GameID "391390"]

1. e4 e5 2. f4 exf4 3. Nf3 g5 4. d4 g4 5. Ne5 Qh4+ 6. g3 fxg3 7. Qxg4 g2+ 8. Qxh4 gxh1=Q 9. Qf4 f6 10. Nf3 d6
11. Be3 Bh6
0-1

[Event "Nov2015"]
[Site "SchemingMind.com"]
[Date "2015.12.08"]
[Round "-"]
[White "NovikovE"]
[Black "kenneth m day"]
[Result "1-0"]
[WhiteCountry "RUS"]
[BlackCountry "USA"]
[WhiteElo "2175"]
[WhiteRD "102"]
[BlackElo "1698"]
[BlackRD "51"]
[GameID "391391"]

1. e4 e5 2. Nf3 Nc6 3. d4 exd4 4. Nxd4 Bc5 5. Be3 Qf6 6. c3 Nge7 7. Bc4 Ne5 8. Be2 d6 9. Nd2 Bd7 10. O-O h5
11. b4 Bb6 12. a4 a6 13. h3 O-O-O 14. a5 Bxd4 15. cxd4 N5g6 16. Rb1 Qh4 17. b5 Bxb5 18. Bxb5 axb5 19. Rxb5 Nc6 20. Bg5 Rde8
21. Bxh4 Nxh4 22. d5 Nd4 23. Rb4
1-0

[Event "Nov2015"]
[Site "SchemingMind.com"]
[Date "2015.12.08"]
[Round "-"]
[White "DrozdM"]
[Black "Stephen Woodhouse"]
[Result "1-0"]
[WhiteCountry "RUS"]
[BlackCountry "ENG"]
[WhiteElo "2307"]
[WhiteRD "180"]
[BlackElo "1872"]
[BlackRD "49"]
[GameID "391392"]

1. e4 e6 2. d4 d5 3. exd5 exd5 4. Nf3 Bd6 5. c4 c6 6. c5 Bc7 7. Bd3 Ne7 8. Nc3 O-O 9. O-O Bf5 10. b4 a6
11. Re1 Bxd3 12. Qxd3 Nd7 13. a4 Nf6 14. Bg5 Ng6 15. b5 axb5 16. axb5 Rxa1 17. Rxa1 cxb5 18. Qxb5 b6 19. Bxf6 gxf6 20. cxb6 Bxb6
21. Nxd5 Bc7 22. Ra7 Bd6 23. Rd7 Qb8 24. Nxf6+ Kg7 25. Qf5 Qe8 26. Nxe8+
1-0

[Event "Nov2015"]
[Site "SchemingMind.com"]
[Date "2015.12.08"]
[Round "-"]
[White "Stephen Woodhouse"]
[Black "DrozdM"]
[Result "0-1"]
[WhiteCountry "ENG"]
[BlackCountry "RUS"]
[WhiteElo "1872"]
[WhiteRD "49"]
[BlackElo "2307"]
[BlackRD "180"]
[GameID "391393"]

1. e4 e5 2. Nf3 Nf6 3. d4 exd4 4. e5 Ne4 5. Bb5 Bb4+ 6. c3 dxc3 7. O-O cxb2 8. Bxb2 Be7 9. Qd4 Nc5 10. Nc3 c6
11. Bc4 b5 12. Be2 Ne6 13. Qg4 h5 14. Qg3 d5 15. exd6 Qxd6 16. Qxd6 Bxd6 17. Rad1 Bc7 18. Rfe1 O-O 19. Ne4 Ba5 20. Ne5 Bxe1
21. Rxe1 Nf4 22. Nc5 Nxe2+ 23. Rxe2 Re8 24. Kf1 Na6 25. Ned3 Bf5
0-1

[Event "Nov2015"]
[Site "SchemingMind.com"]
[Date "2016.01.11"]
[Round "-"]
[White "DrozdM"]
[Black "DemidovL"]
[Result "0-1"]
[WhiteCountry "RUS"]
[BlackCountry "RUS"]
[WhiteElo "2147"]
[WhiteRD "134"]
[BlackElo "2284"]
[BlackRD "119"]
[GameID "393329"]

1. e4 c5 2. Nc3 Nc6 3. Nf3 e5 4. Bc4 Be7 5. Nd5 Nf6 6. O-O d6 7. d3 O-O 8. Be3 Bd7 9. Rb1 a6 10. c3 b5
11. Bb3 Rc8 12. Qd2 Nxd5 13. Bxd5 Bf6 14. h3 Ne7 15. Bb3 Bc6 16. Bc2 Bb7 17. d4 cxd4 18. cxd4 exd4 19. Bxd4 Ng6 20. Rbd1 Qe7
21. b4 Rfd8 22. Bxf6 Qxf6 23. Rfe1 Ne5 24. Nd4 Nc4 25. Qe2 g6 26. Qf3 Qxf3
0-1

[Event "Nov2015"]
[Site "SchemingMind.com"]
[Date "2016.01.11"]
[Round "-"]
[White "DemidovL"]
[Black "DrozdM"]
[Result "1-0"]
[WhiteCountry "RUS"]
[BlackCountry "RUS"]
[WhiteElo "2284"]
[WhiteRD "119"]
[BlackElo "2147"]
[BlackRD "134"]
[GameID "393330"]

1. e4 e5 2. Nf3 Nf6 3. Nxe5 d6 4. Nf3 Nxe4 5. d4 d5 6. Bd3 Be7 7. O-O Nc6 8. c4 Nb4 9. cxd5 Nxd3 10. Qxd3 Qxd5
11. Re1 Bf5 12. Nc3 Nxc3 13. Qxc3 Be6 14. Re5 Qc6 15. Qa5 Rd8 16. Bf4 Qb6 17. Qe1 O-O 18. d5 Bb4 19. Qe4 Bc8 20. Be3 Bc5
21. Bxc5 Qxc5 22. Ng5 f5 23. Qe3 Qxe3 24. fxe3 h6 25. Nf3 Rf7 26. Rf1
1-0

[Event "Nov2015"]
[Site "SchemingMind.com"]
[Date "2016.01.14"]
[Round "-"]
[White "NovikovE"]
[Black "Phillip Beckett"]
[Result "1-0"]
[WhiteCountry "RUS"]
[BlackCountry "ENG"]
[WhiteElo "2175"]
[WhiteRD "102"]
[BlackElo "1580"]
[BlackRD "48"]
[GameID "393545"]

1. d4 d5 2. c4 e6 3. Nf3 Nf6 4. Nc3 Be7 5. Qc2 O-O 6. Bf4 c6 7. e3 Nbd7 8. h3 Re8 9. a3 Nf8 10. Bd3 Ng6
11. Bg3 dxc4 12. Bxc4 Bd6 13. Bxd6 Qxd6 14. Bd3 c5 15. Nb5 Qb6 16. dxc5 Qc6 17. O-O Rd8 18. Rfd1 a6 19. Bxg6 Qxb5 20. Rxd8+
1-0

[Event "Nov2015"]
[Site "SchemingMind.com"]
[Date "2016.01.14"]
[Round "-"]
[White "Phillip Beckett"]
[Black "NovikovE"]
[Result "0-1"]
[WhiteCountry "ENG"]
[BlackCountry "RUS"]
[WhiteElo "1580"]
[WhiteRD "48"]
[BlackElo "2175"]
[BlackRD "102"]
[GameID "393546"]

1. d4 d5 2. e3 Nf6 3. Bd3 Nc6 4. c3 e5 5. dxe5 Nxe5 6. Be2 Bd6 7. Nd2 Bf5 8. Ngf3 Nd3+ 9. Bxd3 Bxd3 10. Nb3 Ba6
11. Nbd4 O-O 12. Nf5 Re8 13. a4 Ne4 14. Nxd6 Qxd6 15. Qd4 Nc5 16. b4 Nd3+ 17. Kd2 Re4 18. Qxe4 dxe4 19. Nd4 Nxf2 20. Rg1 Qxh2
0-1

[Event "Nov2015"]
[Site "SchemingMind.com"]
[Date "2016.02.03"]
[Round "-"]
[White "Robert Bruce"]
[Black "VaynerA"]
[Result "1/2-1/2"]
[WhiteCountry "SCO"]
[BlackCountry "RUS"]
[WhiteElo "2248"]
[WhiteRD "61"]
[BlackElo "2212"]
[BlackRD "174"]
[GameID "394723"]

1. f4 d5 2. Nf3 Nf6 3. e3 g6 4. b4 Bg7 5. Bb2 O-O 6. Be2 Bf5 7. O-O a6 8. Nd4 Bd7 9. a4 Nc6 10. Nxc6 Bxc6
11. b5 Bd7 12. bxa6 bxa6 13. c4 c6 14. a5 Bf5 15. Qa4 dxc4 16. Qxc4 Bxb1 17. Rfxb1 Qxd2 18. Bd4 Ne4 19. Rb2 Bxd4 20. Rxd2 Bxe3+
21. Kh1 Nf2+ 22. Kg1 Ne4+ 23. Kh1 Nf2+ 24. Kg1 Ne4+ 25. Kh1=
1/2-1/2

[Event "Nov2015"]
[Site "SchemingMind.com"]
[Date "2016.02.03"]
[Round "-"]
[White "VaynerA"]
[Black "Robert Bruce"]
[Result "1-0"]
[WhiteCountry "RUS"]
[BlackCountry "SCO"]
[WhiteElo "2338"]
[WhiteRD "139"]
[BlackElo "2232"]
[BlackRD "64"]
[GameID "394724"]

1. Nc3 d5 2. d4 Nf6 3. Nf3 Bf5 4. a3 e6 5. Nh4 Bg6 6. Nxg6 hxg6 7. Bg5 Be7 8. e3 Nc6 9. Qf3 Qd7 10. h4 a6
11. O-O-O O-O-O 12. Be2 Na5 13. e4 Nxe4 14. Bxe7 Qxe7 15. Nxe4 dxe4 16. Qxe4 Rd5 17. Bf3 Nc6 18. Qe3 Rd6 19. g3 Qd8 20. c3 Qf6
21. d5 Ne5 22. Bg2 Kb8 23. Rhe1 Nd7 24. dxe6 Rxe6 25. Qf3 Qxf3 26. Bxf3 Ne5 27. Be2 Rhe8 28. Kd2 R6e7 29. f4 Nd7 30. Bc4 Nc5
31. Rxe7 Rxe7 32. Re1 Rd7+ 33. Kc2 f5 34. Re3 Ne4 35. Bd3 Nf2 36. Rf3 Nxd3 37. Rxd3 Re7 38. Rd8+ Ka7 39. Kd3 Kb6 40. c4 Re1
41. Rg8 Re7 42. b4 Rd7+ 43. Kc3 Re7 44. Kd4 Kc6 45. a4 Rd7+ 46. Ke3 Re7+ 47. Kf3 b6 48. g4 Kd6 49. gxf5 gxf5 50. h5 Rd7
51. Re8 Rf7 52. Rd8+ Rd7 53. Rxd7+ Kxd7 54. Kg3 Ke7 55. Kh4 Kf6 56. c5 b5 57. axb5 axb5 58. c6 Ke7 59. Kg5
1-0

[Event "Nov2015"]
[Site "SchemingMind.com"]
[Date "2016.02.19"]
[Round "-"]
[White "DemidovL"]
[Black "NovikovE"]
[Result "0-1"]
[WhiteCountry "RUS"]
[BlackCountry "RUS"]
[WhiteElo "2219"]
[WhiteRD "102"]
[BlackElo "2225"]
[BlackRD "103"]
[GameID "395365"]

1. c4 c5 2. e3 Nc6 3. Nc3 e5 4. Nge2 Nf6 5. Nd5 Be7 6. Nec3 O-O 7. Be2 d6 8. a3 Bf5 9. d3 Nxd5 10. cxd5 Nb8
11. Qb3 b6 12. e4 Bg6 13. O-O a6 14. Nd1 f5 15. exf5 Bxf5 16. Ne3 Bg6 17. Bg4 Nd7 18. f3 Bg5 19. Be6+ Kh8 20. a4 Nf6
21. Bd2 Qb8 22. Nc4 Bxd2 23. Nxd2 b5 24. Rfd1 Ra7 25. Ne4 Rb7 26. Rf1 a5 27. axb5 Rxb5 28. Qc3 Bxe4 29. dxe4 Qb6 30. Rfb1 c4+
31. Kh1 Rb4 32. Ra2 Nh5 33. g3 Nf6 34. Rba1 Rb8 35. Bh3 h6 36. Rd1 Qf2 37. Rf1 Qd4 38. Qa3 Rxb2 39. Qxd6 Ng8 40. Bg2 Rxa2
41. Qxb8 Qd2 42. Rg1 c3
0-1

[Event "Nov2015"]
[Site "SchemingMind.com"]
[Date "2016.02.19"]
[Round "-"]
[White "NovikovE"]
[Black "DemidovL"]
[Result "1/2-1/2"]
[WhiteCountry "RUS"]
[BlackCountry "RUS"]
[WhiteElo "2225"]
[WhiteRD "103"]
[BlackElo "2219"]
[BlackRD "102"]
[GameID "395366"]

1. c4 e5 2. Nc3 Nc6 3. Nf3 Nf6 4. e4 Bb4 5. d3 h6 6. Be2 O-O 7. O-O d6 8. a3 Bxc3 9. bxc3 Qe7 10. Be3 a5
11. h3 a4 12. Nd2 b6 13. Qc2 Nd8 14. f4 Bd7 15. d4 Nc6 16. Rf3 Nh5 17. f5 Na5 18. Re1 Rab8 19. Bd3 Ra8 20. Qb1 Rfe8
21. Qc1 Kh7 22. Qd1 Bc6 23. Bc2 Nb3 24. d5 Bd7 25. Rff1 Nxd2 26. Bxd2 Nf6 27. Be3 Kg8 28. Qd3 Rec8 29. Rf3 Rcb8 30. Rb1 Rd8
31. Bd1 Kh8 32. Rb4 Be8 33. Rf1 Ra5 34. Bf2 Rda8 35. Bh4 Bd7 36. Bf3 Bc8 37. Rb5 Bb7 38. Rd1 R5a7 39. Rbb1 Rc8 40. Qe2 Raa8
41. Qc2 Ra6 42. Rb2 Ra5 43. Ra1 Re8 44. Rb5 Ra7 45. Rb4 Rea8 46. Rab1=
1/2-1/2

[Event "Nov2015"]
[Site "SchemingMind.com"]
[Date "2016.04.06"]
[Round "-"]
[White "VaynerA"]
[Black "frankly"]
[Result "1/2-1/2"]
[WhiteCountry "RUS"]
[BlackCountry "ENG"]
[WhiteElo "2318"]
[WhiteRD "126"]
[BlackElo "2468"]
[BlackRD "55"]
[GameID "397561"]

1. e4 c5 2. Nc3 Nc6 3. Nf3 e6 4. d4 cxd4 5. Nxd4 Qc7 6. Be3 a6 7. Bd3 Nf6 8. Nxc6 bxc6 9. O-O d5 10. f4 Be7
11. e5 Nd7 12. Na4 c5 13. c3 Bb7 14. Rb1 a5 15. b3 g6 16. Nb2 O-O 17. Qc2 Ba6 18. Bxa6 Rxa6 19. Bf2 Rb8 20. Rfd1 Ra7
21. c4 Nb6 22. cxd5 Nxd5 23. Qd2 Raa8 24. Rbc1 Rd8 25. Nd3 Nb4 26. Qe2 Rd5 27. Nxb4 axb4 28. Rd2 Kg7 29. Rdc2 Qc6 30. Be3 Ra3
31. Qf2 Qd7 32. h3 Ra5 33. Kh2 Qd8 34. Re2 Bh4 35. g3 Be7 36. Rcc2 h5 37. Red2 Qc7 38. Qg2 Rxd2 39. Bxd2 Qd7 40. Be3 Qb5
41. g4 hxg4 42. hxg4=
1/2-1/2

[Event "Nov2015"]
[Site "SchemingMind.com"]
[Date "2016.04.06"]
[Round "-"]
[White "frankly"]
[Black "VaynerA"]
[Result "1-0"]
[WhiteCountry "ENG"]
[BlackCountry "RUS"]
[WhiteElo "2468"]
[WhiteRD "55"]
[BlackElo "2318"]
[BlackRD "126"]
[GameID "397562"]

1. e4 e5 2. Nf3 Nf6 3. Nxe5 d6 4. Nf3 Nxe4 5. d4 d5 6. Bd3 Be7 7. O-O Nc6 8. c4 Nf6 9. h3 Nb4 10. Be2 dxc4
11. Bxc4 c6 12. Nc3 h6 13. Re1 O-O 14. Ne5 Nbd5 15. Bb3 Be6 16. Qf3 Bd6 17. Bd2 Re8 18. Rad1 Qc7 19. Bc2 Nb4 20. Bb1 Nbd5
21. Qg3 Nxc3 22. bxc3 Kh8 23. Bf4 Rad8 24. Qh4 Nh7 25. Bc2 Qe7 26. Qh5 Nf6 27. Qf3 Bb8 28. Re2 Bd5 29. Qd3 Qf8 30. a4 Be6
31. Rb1 Re7 32. c4 a6 33. a5 Qg8 34. Qc3 Bd6 35. Bg3 Nh5 36. Bh2 Qe8 37. Rbe1 Nf6 38. f4 Bc8 39. Bg3 Qg8 40. Bh4 Ree8
41. g4
1-0

[Event "Nov2015"]
[Site "SchemingMind.com"]
[Date "2016.05.11"]
[Round "-"]
[White "frankly"]
[Black "NovikovE"]
[Result "1-0"]
[WhiteCountry "ENG"]
[BlackCountry "RUS"]
[WhiteElo "2458"]
[WhiteRD "57"]
[BlackElo "2231"]
[BlackRD "107"]
[GameID "398928"]

1. e4 e6 2. d4 d5 3. Nc3 Bb4 4. e5 c5 5. a3 Bxc3+ 6. bxc3 Ne7 7. Qg4 O-O 8. Bd3 c4 9. Bh6 Ng6 10. Bxg6 fxg6
11. Be3 Nc6 12. Ne2 Bd7 13. h4 Ne7 14. h5 Rf5 15. hxg6 Nxg6 16. Kd2 Nf8 17. Ng3 Rf7 18. Nh5 Kh8 19. Rh3 Ba4 20. Rah1 Rc8
21. Rg3 Qe7 22. Nf6 Rxf6 23. exf6 Qxf6 24. Rf3 Qe7 25. Qh5 Kg8 26. Bg5 g6 27. Qh4
1-0

[Event "Nov2015"]
[Site "SchemingMind.com"]
[Date "2016.05.11"]
[Round "-"]
[White "NovikovE"]
[Black "frankly"]
[Result "1/2-1/2"]
[WhiteCountry "RUS"]
[BlackCountry "ENG"]
[WhiteElo "2231"]
[WhiteRD "107"]
[BlackElo "2458"]
[BlackRD "57"]
[GameID "398929"]

1. e4 e5 2. Nf3 Nc6 3. Bb5 a6 4. Ba4 Nf6 5. O-O Be7 6. Nc3 b5 7. Bb3 d6 8. a4 b4 9. Nd5 O-O 10. Nxf6+ Bxf6
11. Bd5 Qe8 12. Qe2 Be6 13. Qc4 Bxd5 14. Qxd5 Rb8 15. d3 b3 16. cxb3 Nb4 17. Qc4 Qe6 18. Qc3 c5 19. h3 Nc6 20. Ra3 Rfc8
21. Be3 Nd4 22. Bxd4 cxd4 23. Qd2 Rxb3 24. Rxb3 Qxb3 25. Rc1 Rc5 26. Rxc5 dxc5 27. Qc1=
1/2-1/2